[Event "BCF-chT2 9900 (4NCL)"]
[Site "Birmingham"]
[Date "1999.11.21"]
[Round "4.4"]
[White "Noakes, Matthew"]
[Black "Mopati, Jobe"]
[Result "1/2-1/2"]
[WhiteElo "2056"]
[BlackElo "2180"]
[PlyCount "117"]
[EventDate "1999.10.??"]
[EventType "team"]
[EventRounds "11"]
[EventCountry "ENG"]
[SourceTitle "EXT 2001"]
[Source "ChessBase"]
[SourceDate "2000.11.22"]
[SourceVersion "1"]
[SourceVersionDate "2000.11.22"]
[SourceQuality "1"]
[WhiteTeam "South County Stars"]
[BlackTeam "Thistle White Rose"]
[WhiteTeamCountry "ENG"]
[BlackTeamCountry "ENG"]

1. d4 d5 2. c4 c6 3. Nc3 Nf6 4. e3 Bf5 5. Qb3 Qb6 6. Qxb6 axb6 7. cxd5 cxd5 8. Nf3 Nc6 9. Bb5 Bd7 10. 0-0 e6 11. Bd2 Be7 12. Rfc1 0-0 13. Be1 Rfc8 14. Ne5 Be8 15. Nd3 Na5 16. Bxe8 Nxe8 17. Nb5 Nc4 18. b3 Ncd6 19. Nxd6 Nxd6 20. Rxc8+ Rxc8 21. Rc1 Rxc1 22. Nxc1 Kf8 23. Nd3 Ke8 24. Kf1 f6 25. Ke2 Kd7 26. f3 Nb5 27. Kd1 Bd6 28. h3 e5 29. dxe5 fxe5 30. Kc2 Ke6 31. Bd2 h5 32. Nf2 Be7 33. Kd3 Bh4 34. Nd1 Bf6 35. e4 d4 36. Nb2 Na7 37. Nc4 b5 38. Nb6 Be7 39. Nd5 Bd6 40. g3 Nc6 41. f4 Ne7 42. Nxe7 Kxe7 43. fxe5 Bxe5 44. Be1 Kd6 45. g4 g6 46. b4 Ke6 47. Bf2 Bd6 48. a3 Bf4 49. Kxd4 Bc1 50. Kc5 Ke5 51. Kxb5 Bxa3 52. gxh5 gxh5 53. h4 Kxe4 54. Bc5 Kd5 55. Bf8 Bb2 56. Kb6 Bf6 57. Kxb7 Bxh4 58. Bc5 Bg3 59. Be7 1/2-1/2

[Event "BCF-chT2 9899 (4NCL)"]
[Site "England"]
[Date "1999.05.01"]
[Round "9.6"]
[White "Noakes, Matthew"]
[Black "MacKenzie, Colin"]
[Result "0-1"]
[WhiteElo "2016"]
[BlackElo "2125"]
[PlyCount "92"]
[EventDate "1998.10.??"]
[EventType "team"]
[EventRounds "11"]
[EventCountry "ENG"]
[SourceTitle "EXT 2000"]
[Source "ChessBase"]
[SourceDate "1999.11.16"]
[SourceVersion "1"]
[SourceVersionDate "1999.11.16"]
[SourceQuality "1"]
[WhiteTeam "Invicta Knights Maidstone II"]
[BlackTeam "Kings Head"]
[WhiteTeamCountry "ENG"]
[BlackTeamCountry "ENG"]

1. d4 e6 2. c4 Nf6 3. Nc3 Bb4 4. Nf3 0-0 5. Bg5 c5 6. e3 cxd4 7. exd4 Bxc3+ 8. bxc3 Qa5 9. Qc2 Ne4 10. Bd2 Nxd2 11. Nxd2 d6 12. Be2 e5 13. 0-0 Nc6 14. Nb3 Qc7 15. f4 g6 16. Rad1 Bf5 17. Bd3 Bxd3 18. Qxd3 exf4 19. Rxf4 Na5 20. d5 Nxb3 21. axb3 Qb6+ 22. Rf2 Qxb3 23. Rb1 Qa3 24. Rxb7 Rab8 25. Rfb2 Rxb7 26. Rxb7 Qc1+ 27. Kf2 a5 28. g3 Qh1 29. h4 Qh2+ 30. Kf3 Qh1+ 31. Kf2 Qh2+ 32. Kf3 a4 33. Ra7 Qh1+ 34. Kf2 Qh2+ 35. Kf3 Qh1+ 36. Kf2 Re8 37. Rxa4 Qe1+ 38. Kf3 Qh1+ 39. Kf2 Qe1+ 40. Kf3 Qh1+ 41. Kf2 Qh2+ 42. Kf3 Re5 43. Ra8+ Kg7 44. Qd4 Qe2+ 45. Kf4 Qf1+ 46. Kg4 h5# 0-1

[Event "BCF-chT2 9899 (4NCL)"]
[Site "England"]
[Date "1999.01.24"]
[Round "6.8"]
[White "Ghasi, Ameet K"]
[Black "Noakes, Matthew"]
[Result "1/2-1/2"]
[WhiteElo "1848"]
[BlackElo "2016"]
[PlyCount "77"]
[EventDate "1998.10.??"]
[EventType "team"]
[EventRounds "11"]
[EventCountry "ENG"]
[SourceTitle "EXT 2000"]
[Source "ChessBase"]
[SourceDate "1999.11.16"]
[SourceVersion "1"]
[SourceVersionDate "1999.11.16"]
[SourceQuality "1"]
[WhiteTeam "Slough II"]
[BlackTeam "Invicta Knights Maidstone II"]
[WhiteTeamCountry "ENG"]
[BlackTeamCountry "ENG"]

1. Nf3 Nf6 2. d4 e6 3. Bg5 c5 4. c3 cxd4 5. cxd4 Qa5+ 6. Nc3 Ne4 7. Bd2 Nxd2 8. Qxd2 d5 9. e3 Nc6 10. Bd3 Bd6 11. 0-0 a6 12. a3 Qd8 13. b4 b5 14. Rac1 Bb7 15. e4 dxe4 16. Bxe4 Rc8 17. Rfd1 0-0 18. Qe3 Qb6 19. Bd3 Ne7 20. Ne5 Bxe5 21. Qxe5 Ng6 22. Qe3 Rfd8 23. Bb1 Rc4 24. Ne2 Rdc8 25. Bd3 Rxc1 26. Rxc1 Rxc1+ 27. Qxc1 Qc6 28. Qxc6 Bxc6 29. f3 Ne7 30. Kf2 g6 31. Nc3 f5 32. Ke3 Kf7 33. Bb1 Nd5+ 34. Nxd5 Bxd5 35. g3 Kf6 36. f4 Ke7 37. Bc2 Kd6 38. Kd2 Bc4 39. Bd1 1/2-1/2

[Event "BCF-chT2 9899 (4NCL)"]
[Site "England"]
[Date "1998.11.22"]
[Round "4.6"]
[White "Noakes, Matthew"]
[Black "Jones, Richard S"]
[Result "0-1"]
[WhiteElo "2016"]
[BlackElo "2095"]
[PlyCount "70"]
[EventDate "1998.10.??"]
[EventType "team"]
[EventRounds "11"]
[EventCountry "ENG"]
[SourceTitle "EXT 2000"]
[Source "ChessBase"]
[SourceDate "1999.11.16"]
[SourceVersion "1"]
[SourceVersionDate "1999.11.16"]
[SourceQuality "1"]
[WhiteTeam "Invicta Knights Maidstone II"]
[BlackTeam "Nidum Knights"]
[WhiteTeamCountry "ENG"]
[BlackTeamCountry "ENG"]

1. d4 Nf6 2. c4 g6 3. Nc3 Bg7 4. e4 0-0 5. Be3 d6 6. f3 e5 7. d5 c6 8. Qd2 cxd5 9. cxd5 a6 10. 0-0-0 b5 11. Kb1 Nbd7 12. Rc1 Nb6 13. Nd1 Bd7 14. Nf2 a5 15. g4 b4 16. Bd3 Na4 17. Ne2 Rc8 18. Rxc8 Qxc8 19. Rc1 Qb7 20. b3 Nb6 21. Ng3 Rc8 22. Rg1 Rc3 23. Nd1 Rc7 24. Nb2 Be8 25. Bh6 Qa7 26. Rg2 Bd7 27. Bxg7 Kxg7 28. h4 a4 29. g5 Nfxd5 30. exd5 axb3 31. axb3 Nxd5 32. Nc4 Nc3+ 33. Kc2 Qa2+ 34. Kc1 Qa1+ 35. Kc2 Qb1# 0-1

[Event "BCF-chT2 9899 (4NCL)"]
[Site "England"]
[Date "1998.11.21"]
[Round "3.6"]
[White "Norman, Kenneth I"]
[Black "Noakes, Matthew"]
[Result "1-0"]
[WhiteElo "2112"]
[BlackElo "2016"]
[PlyCount "71"]
[EventDate "1998.10.??"]
[EventType "team"]
[EventRounds "11"]
[EventCountry "ENG"]
[SourceTitle "EXT 2000"]
[Source "ChessBase"]
[SourceDate "1999.11.16"]
[SourceVersion "1"]
[SourceVersionDate "1999.11.16"]
[SourceQuality "1"]
[WhiteTeam "Guildford"]
[BlackTeam "Invicta Knights Maidstone II"]
[WhiteTeamCountry "ENG"]
[BlackTeamCountry "ENG"]

1. Nf3 Nf6 2. c4 e6 3. g3 b6 4. Bg2 Bb7 5. 0-0 Be7 6. Nc3 0-0 7. d4 d5 8. Ne5 Nbd7 9. Qa4 Nxe5 10. dxe5 Ne8 11. cxd5 exd5 12. Rd1 c6 13. e4 Nc7 14. exd5 Nxd5 15. Nxd5 cxd5 16. Qb3 Qc7 17. Bxd5 Bxd5 18. Rxd5 Kh8 19. Bf4 Bc5 20. Rad1 Rad8 21. e6 Qe7 22. Rd7 Rxd7 23. exd7 Rd8 24. Qd3 Qf6 25. Qe2 Qc6 26. Qe5 h6 27. Qd5 Qf6 28. Rd2 Qe7 29. Bc7 Rxd7 30. Qxd7 Qe1+ 31. Kg2 Qe4+ 32. f3 Qe1 33. Qc8+ Kh7 34. Qf5+ Kg8 35. Rd8+ Bf8 36. Qd3 1-0

[Event "BCF-chT2 9899 (4NCL)"]
[Site "England"]
[Date "1998.10.25"]
[Round "2.6"]
[White "Noakes, Matthew"]
[Black "Peart, Alan"]
[Result "1/2-1/2"]
[WhiteElo "2016"]
[BlackElo "2119"]
[PlyCount "179"]
[EventDate "1998.10.??"]
[EventType "team"]
[EventRounds "11"]
[EventCountry "ENG"]
[SourceTitle "EXT 2000"]
[Source "ChessBase"]
[SourceDate "1999.11.16"]
[SourceVersion "1"]
[SourceVersionDate "1999.11.16"]
[SourceQuality "1"]
[WhiteTeam "Invicta Knights Maidstone II"]
[BlackTeam "White Rose"]
[WhiteTeamCountry "ENG"]
[BlackTeamCountry "ENG"]

1. d4 Nf6 2. c4 c5 3. d5 Ne4 4. f3 Qa5+ 5. Nd2 Nd6 6. e4 g6 7. Kf2 Bg7 8. Nb3 Qc7 9. Qc2 0-0 10. Be3 b6 11. Bd3 e5 12. g4 f5 13. gxf5 gxf5 14. exf5 Qd8 15. Ne2 Qh4+ 16. Ng3 Na6 17. a3 Nc7 18. Nd2 Ba6 19. Rag1 Kh8 20. Rg2 Rae8 21. Rhg1 b5 22. b3 bxc4 23. bxc4 e4 24. fxe4 Nxf5 25. exf5 Bd4 26. Bxd4+ Qxd4+ 27. Kf1 Nxd5 28. Nf3 Ne3+ 29. Kf2 Ng4+ 30. Kf1 Qa1+ 31. Qb1 Ne3+ 32. Kf2 Ng4+ 33. Kf1 Qxb1+ 34. Bxb1 Bxc4+ 35. Re2 Rb8 36. Kg2 Bxe2 37. Nxe2 Rb2 38. Re1 Ne3+ 39. Kh1 Nxf5 40. Ng5 Ne3 41. Nh3 d5 42. Nef4 d4 43. Be4 c4 44. Ne6 Re8 45. Nhg5 Ng4 46. Bf5 Nh6 47. Bxh7 d3 48. Bg6 Re2 49. Rd1 d2 50. Bc2 c3 51. h3 R8xe6 52. Nxe6 Rxe6 53. Kg2 Rb6 54. Kf2 Rb2 55. Be4 Ra2 56. Ke2 Rxa3 57. Kd3 Nf7 58. h4 Ne5+ 59. Ke2 Nc4 60. Rg1 Ra2 61. Bd3 c2 62. Rg8+ Kxg8 63. Bxc4+ Kg7 64. Kxd2 Ra4 65. Bd3 Rxh4 66. Kxc2 Kf6 67. Kb3 Ke5 68. Bc4 Kd4 69. Ba6 Kc5 70. Be2 Kb6 71. Bd1 Ka5 72. Bc2 Rh3+ 73. Kb2 Kb4 74. Ka1 Ka3 75. Bb1 Rh2 76. Bf5 Ra2+ 77. Kb1 Rf2 78. Be6 Rf1+ 79. Kc2 Rf6 80. Bd5 Rb6 81. Bf7 a5 82. Bd5 Rb2+ 83. Kc1 Rh2 84. Be6 Kb4 85. Kb1 Kc3 86. Ka1 a4 87. Bd5 Rb2 88. Be6 Rb3 89. Bf7 Rb4 90. Be6 1/2-1/2